Countries that Beat Angola - Statistics

General Stats
  • This quiz has been taken 532 times
    325 since last reset
  • The average score is 7 of 15
Answer Stats
Rank Category Countries % Correct
2 Has the most Portuguese speakers [1] Brazil
100%
4 Diamond production [2] Russia | Botswana | Canada
72%
7 Last country to establish a communist state Ethiopia | Cambodia | Grenada | Afghanistan | Laos | Benin
68%
2 Highest fertility rate [5] Niger
61%
4 Most populous country with no Olympic medals Bangladesh | D.R. Congo | Myanmar
57%
3 Whose flag has the most black Libya | Papua New Guinea
54%
6 (t) Most recent to make its debut at the FIFA World Cup Qatar | Iceland | Panama | Bosnia and Herzegovina | Slovakia
53%
2 Largest African import partner of China [7] South Africa
48%
4 Most expensive capital city [4] Iceland | Norway | United Kingdom
45%
2 Most populous capital lying on the Atlantic Ocean [8] Argentina
37%
4 Whose highest % of exports is oil or natural gas [6] South Sudan | Iraq | Libya
34%
2 Latest country to gain independence from Portugal East Timor
32%
2 Most grassland in Africa [3] Sudan
28%
5 Oldest ongoing "civil war" [9] Myanmar | Indonesia | Colombia | Philippines
17%
4 Longest serving "President" of all-time Equatorial Guinea | Gabon | Cameroon
15%
No matching quizzes found
Score Distribution
Percent of People with Each Score
Percentile by Number Answered
Your Score History
You have not taken this quiz since the last reset